000 00450nam a2200157 i 4500
001 bg
100 1 _aWILLIAMS, Roger J.
245 1 0 _aIndywidualność biochemiczna :
_bpodstawy teorii genetotrofii /
_cRoger J. Williams.
260 _aWarszawa :
_bPaństwowe Wydawnictwo Rolnicze i Leśne,
_c1969.
650 9 _aBiochemia
040 _cBPK
041 1 _apol
080 _a577.1:612.015
942 _cKS
008 s pl f |000 0 pol
999 _c35524
_d35524
856 _uhttp://koha.tu.koszalin.pl/cgi-bin/koha/opac-detail.pl?biblionumber=35524
_yKatalog online BPK